000 005190000a22002050004500
003 LK-CoMWRAF
005 20230915113323.0
008 230817t1990 ||||| |||| 00| 0 eng d
020 _a8171511031
040 _aLK-CoMWRAF
_dLK-CoMWRAF
_eLK-CoMWRAF
041 _aeng
082 _a297.61
_bAHM
100 _aAhmed, Al-Haj Moinuddin
245 _aUlama :
_bThe boon and bane of Islamic society
260 _aNew Delhi :
_bKitab Bhavan,
_c1990
300 _a118p
500 _aIndex
650 _aIslam
942 _cBK
999 _c2747
_d2747